50 Najbardziej zaludnionych miast w Polsce - Statystyki

Ogólne statystyki
  • Ten quiz został rozwiązany 101 razy
  • Średni wynik to 36 z 50
Statystyki odpowiedzi
Miasta % Poprawnych
2 Kraków
100%
5 Poznań
100%
1 Warszawa
100%
7 Szczecin
99%
3 Wrocław
99%
6 Gdańsk
97%
12 Gdynia
97%
11 Katowice
97%
9 Bydgoszcz
96%
4 Łódź
96%
16 Toruń
96%
10 Białystok
94%
8 Lublin
94%
27 Opole
93%
18 Kielce
92%
15 Rzeszów
92%
24 Zielona Góra
90%
13 Częstochowa
88%
29 Gorzów Wielkopolski
86%
20 Olsztyn
83%
22 Zabrze
83%
17 Sosnowiec
78%
23 Bytom
76%
19 Gliwice
76%
14 Radom
76%
21 Bielsko-Biała
75%
36 Chorzów
75%
32 Płock
72%
34 Tarnów
69%
31 Elbląg
67%
28 Tychy
65%
39 Kalisz
64%
46 Jelenia Góra
58%
40 Legnica
58%
33 Koszalin
57%
30 Dąbrowa Górnicza
54%
37 Wałbrzych
54%
45 Nowy Sącz
51%
49 Piła
51%
26 Ruda Śląska
51%
25 Rybnik
51%
35 Włocławek
49%
43 Słupsk
44%
41 Grudziądz
43%
47 Siedlce
43%
48 Mysłowice
42%
42 Jaworzno
40%
44 Jastrzębie-Zdrój
35%
50 Ostrów Wielkopolski
26%
38 Piaseczno
13%
Nie znaleziono quizów pasujących do podanych kryteriów
Rozkład punktacji
Procent ludzi z każdym wynikiem
Percentyl według liczby udzielonych odpowiedzi
Twoja historia wyników
Nie rozwiązałeś tego quizu